UBT Library

HEALTH, ILLNESS AND THE SOCIAL BODY (Record no. 33488)

000 -LEADER
fixed length control field 00310nam a22001337a 4500
008 - FIXED-LENGTH DATA ELEMENTS--GENERAL INFORMATION
fixed length control field 171012b xxu||||| |||| 00| 0 eng d
020 ## - INTERNATIONAL STANDARD BOOK NUMBER
International Standard Book Number 9780138970758
041 ## - LANGUAGE CODE
Language code of text/sound track or separate title eng
080 ## - UNIVERSAL DECIMAL CLASSIFICATION NUMBER
Edition identifier 3RD
Universal Decimal Classification number 316
100 ## - Rafti
Rafti 50
101 ## - Shkurtesa
Shkurtesa SOC
245 ## - TITLE STATEMENT
Title HEALTH, ILLNESS AND THE SOCIAL BODY
Statement of responsibility, etc FREUND,P.E
942 ## - ADDED ENTRY ELEMENTS (KOHA)
Source of classification or shelving scheme
Item type Books
Holdings
Withdrawn status Lost status Source of classification or shelving scheme Damaged status Not for loan Collection code Permanent location Current location Shelving location Date acquired Total Checkouts Full call number Barcode Date last seen Price effective from Koha item type
          Koleksioni i përgjithshem UBT - Lipjan UBT - Lipjan Koleksioni i përgjithshem 10/12/2017   316 FRE 002-2930671 10/12/2017 10/12/2017 Books
          Koleksioni i përgjithshem UBT - Lipjan UBT - Lipjan Koleksioni i përgjithshem 10/12/2017   316 FRE 002-2930676 10/12/2017 10/12/2017 Books
          Koleksioni i përgjithshem UBT - Lipjan UBT - Lipjan   03/18/2024   316FRE 002-800070632 03/18/2024 03/18/2024 Books
UBT Library © 2015-2024. All rights reserved University Education for Business and Technology